|
|
|
|
| LEADER |
02213nam a2200601 a 4500 |
| 001 |
nkc20122277302 |
| 003 |
CZ PrNK |
| 005 |
20140515115841.0 |
| 007 |
ta |
| 008 |
120202s2011 xr ac e 001 1bcze |
| 015 |
|
|
|a cnb002277302
|
| 020 |
|
|
|a 978-80-7248-713-4
|q (brož.)
|
| 035 |
|
|
|a (OCoLC)780139445
|
| 040 |
|
|
|a ABA001
|b cze
|
| 041 |
0 |
|
|a cze
|a slo
|
| 043 |
|
|
|a e-xo---
|
| 045 |
|
|
|a x5y1
|
| 072 |
|
7 |
|a 007
|x Teorie systémů. Automatické systémy. Informační systémy. Kybernetika
|2 Konspekt
|9 23
|
| 080 |
|
|
|a 316.77-027.21-051
|2 MRF
|
| 080 |
|
|
|a 165.194
|2 MRF
|
| 080 |
|
|
|a 007
|2 MRF
|
| 080 |
|
|
|a 004.8
|2 MRF
|
| 080 |
|
|
|a (437.6)
|2 MRF
|
| 080 |
|
|
|a (047.53)
|2 MRF
|
| 100 |
1 |
|
|a Kelemen, Jozef,
|d 1951-
|7 jn19990009630
|4 ive
|
| 245 |
1 |
0 |
|a Rozhovory /
|c Jozef Kelemen ; sestavila Hana Černínová
|
| 246 |
3 |
|
|a Jozef Kelemen - rozhovory
|
| 250 |
|
|
|a 1. vyd.
|
| 260 |
|
|
|a V Opavě :
|b Slezská univerzita,
|c 2011
|
| 300 |
|
|
|a 194 s. :
|b il., portréty ;
|c 21 cm
|
| 504 |
|
|
|a Obsahuje bibliografické odkazy a rejstřík
|
| 546 |
|
|
|a Část. slovenský text
|
| 600 |
1 |
7 |
|a Kelemen, Jozef,
|d 1951-
|7 jn19990009630
|2 czenas
|
| 648 |
|
7 |
|a 20.-21. století
|7 ch462155
|2 czenas
|
| 650 |
0 |
7 |
|a informační vědci
|7 ph221299
|z Slovensko
|y 20.-21. století
|2 czenas
|
| 650 |
0 |
7 |
|a informační věda
|7 ph121108
|2 czenas
|
| 650 |
0 |
7 |
|a kognitivní věda
|7 ph121697
|2 czenas
|
| 650 |
0 |
7 |
|a kybernetika
|7 ph115051
|2 czenas
|
| 650 |
0 |
7 |
|a umělá inteligence
|7 ph116536
|2 czenas
|
| 650 |
0 |
9 |
|a information scientists
|z Slovakia
|y 20th-21st centuries
|2 eczenas
|
| 650 |
0 |
9 |
|a information science
|2 eczenas
|
| 650 |
0 |
9 |
|a cognitive science
|2 eczenas
|
| 650 |
0 |
9 |
|a cybernetics
|2 eczenas
|
| 650 |
0 |
9 |
|a artificial intelligence
|2 eczenas
|
| 655 |
|
7 |
|a rozhovory
|7 fd133303
|2 czenas
|
| 655 |
|
9 |
|a interviews
|2 eczenas
|
| 700 |
1 |
|
|a Černínová, Hana,
|d 1978-
|7 mzk2008458696
|4 com
|
| 856 |
4 |
1 |
|u http://www.digitalniknihovna.cz/mzk/uuid/uuid:e745c590-7ef9-11ee-834d-5ef3fc9bb22f
|y Digitalizovaný dokument
|x NDK
|
| 910 |
2 |
|
|a BOA001
|b 2-1279.532
|
| 990 |
|
|
|a BK
|
| 995 |
|
|
|a 01
|
| 991 |
|
|
|b 201202
|c NOV
|e n
|
| 996 |
6 |
|
|b 2610501138
|c 2-1279.532
|l MZK
|r Sklad / do 1 hodiny
|n 1
|p p.v.
|w 001225689
|u 000010
|a 1
|e BOA001
|j MZK50
|s P
|